| 000 | nam a22 7a 4500 | ||
|---|---|---|---|
| 999 |
_c7213 _d7213 |
||
| 003 | OSt | ||
| 005 | 20190425164928.0 | ||
| 008 | 190425e201903 spc|||| |||| 0|0 0bcat|d | ||
| 017 |
_aDL B 4318-2019 _bBiblioteca de Catalunya |
||
| 020 | _a9788416915927 | ||
| 040 |
_aES-BaBC _bcat _cCDMR |
||
| 100 | 1 | _aStocklassa, Jan, | |
| 245 | 1 | 0 |
_aStieg Larsson: el llegat : _bles claus ocultes de l'assassinat d'Olof Palme _c/ Jan Stocklassa ; traducció de Marc Delgado i Casanova |
| 260 |
_aBarcelona : _bAra Llibres, _c2019 |
||
| 300 |
_a443 p. ; _c23 cm |
||
| 500 | _aTítol original: Stieg Larssons arkiv | ||
| 504 | _aReferències bibliogràfiques | ||
| 600 | 1 | 7 |
_aLarsson, Stieg, _d1954-2004 _xEpistolaris _2lemac |
| 600 | 1 | 7 |
_aPalme, Olof _xAssassinat _2lemac |
| 650 | 7 |
_aAssassinat _xInvestigació _zSuècia _2lemac |
|
| 942 | _cMON | ||